| 000 | 01386nam a22002057a 4500 | ||
|---|---|---|---|
| 999 |
_c62177 _d62177 |
||
| 003 | Ge_BSU | ||
| 005 | 20240729114325.0 | ||
| 008 | 240729s2023 ge ||||| |||| 00| 0 geo d | ||
| 020 | _a 9789941985607 | ||
| 041 | _ageo | ||
| 080 | _a81'374.2 ბ-57 | ||
| 245 |
_aბერძნული და რომაული საკუთარი სახელების ორთოგრაფიული ლექსიკონი / _c რედაქტორი: ნანა ტონია; |
||
| 264 |
_a თბილისი: _b [გ.გ.], _c2023. |
||
| 300 |
_a 225 გვ.: _b20 სმ. |
||
| 440 |
_aპროგრამა ლოგოსი _922991 |
||
| 653 | _aლექსიკონები.ორთოგრაფიული ლექსიკონი. ბერძნული ენა.ონომისტიკა. რომაული ენა. | ||
| 700 |
_aტონია, ნანა _e რედაქტორი. _922989 |
||
| 710 |
_a ივანე ჯავახიშვილის სახელობის თბილისის სახელმწიფო უნივერსიტეტი. კლასიკური ფილოლოგიის, ბიზანტინისტიკისა და ნეოგრეცისტიკის ინსტიტუტი. _922990 |
||
| 942 |
_2udc _cᲬᲘᲒᲜᲘ |
||